La Vida a Egara durant el segle VI : els visigots a Catalunya / Roser Reynal els visigots a Catalunya / Roser Reynal
Descripción Física:
64 p. : il. ; 21 cm
Colección:
Biblioteca de la Classe ; 49
MARC
| LEADER | 00000nam a2200000Ia 4500 | ||
|---|---|---|---|
| 001 | 9535 | ||
| 008 | 160829s1990 xx 000 0 cat d | ||
| 080 | |a H-2-66 | ||
| 100 | |a Reynal, Roser |9 25424 | ||
| 245 | |a La Vida a Egara durant el segle VI : |b els visigots a Catalunya / Roser Reynal | ||
| 260 | |a Barcelona : |b Graó : |b Diputació de Barcelona. Servei d'Ensenyament i Investigació, |c 1990 | ||
| 300 | |a 64 p. : |b il. ; |c 21 cm | ||
| 490 | |a Biblioteca de la Classe ; 49 | ||
| 650 | |a Visigots |x Catalunya |9 25427 | ||
| 650 | |a Terrassa |x Vida social i costums |x S. VI |9 25428 | ||
| 710 | 1 | |a Barcelona (Catalunya : Província). |b Servei d'Ensenyament i Investigació |9 54366 | |
| 901 | |a Arxiu | ||
| 942 | |n 1 | ||
| 952 | |0 0 |1 0 |4 0 |6 H266 |7 1 |9 43612 |a Arxiu |b Arxiu |d 2016-12-01 |l 0 |o H-2-66 |p 9535 |r 2016-12-01 00:00:00 |w 2016-12-01 |y ARXIU | ||
| 999 | |c 46160 |d 46160 | ||